000
00292nam a2200109Ia 4500
008
231017s9999 xx 000 0 und d
245
0
_a
NCHRP Report 614: Refining the Simple Performance Tester for Use of Routine Practice
245
0
_c
TRB
260
_b
TRB
300
_c
30cm
942
_c
REP
999
_c
603638
_d
603638